Trhová sila a regulácia z pohľadu I. M. Kirznera

Efektívnosť, resp. neefektívnosť trhového usporiadania je stále relevantnou debatou, zvlášť v postkrízových obdobiach zrelých na prehodnotenie dominantných ekonomických paradigiem. Rozlíšenie prístupu k trhu a regulácii zo strany aktuálneho laureáta Ceny Švédskej ríšskej banky za ekonomické vedy na...

Description complète

Enregistré dans:
Détails bibliographiques
Auteur principal: Artimová, Miroslava
Format: Chapitre de livre
Langue:slovaque
Sujets:
Tags: Ajouter un tag
Pas de tags, Soyez le premier à ajouter un tag!

MARC

LEADER 00000nla a2200000 4500
001 0201876
005 20240502073412.6
041 0 |a slo 
044 |a SK 
245 1 0 |a Trhová sila a regulácia z pohľadu I. M. Kirznera  |c Miroslava Artimová 
520 |a Efektívnosť, resp. neefektívnosť trhového usporiadania je stále relevantnou debatou, zvlášť v postkrízových obdobiach zrelých na prehodnotenie dominantných ekonomických paradigiem. Rozlíšenie prístupu k trhu a regulácii zo strany aktuálneho laureáta Ceny Švédskej ríšskej banky za ekonomické vedy na pamiatku Alfreda Nobela J. Tirola. Konfrontácia s pohľadom I. M. Kirznera (jedného zo zvažovaných adeptov na toto ocenenie). 
610 2 0 |a veda ekonomická 
610 2 0 |a Nobelova cena 
610 2 0 |a regulácia trhu 
610 2 0 |a sily trhové 
610 2 0 |a Kirzner, I.M. 
100 1 |a Artimová, Miroslava